000 00422pab a2200157 454500
008 180718b2009 xxu||||| |||| 00| 0 eng d
100 _aKoul, D.N. et al.
245 _aTraditional water management system: exploring Ahars in Hazaribag district of Jharkhand
260 _c2009
300 _ap.15-18.
362 _aMar
650 _aWater resources management
773 _aKurukshetra
908 _aN
909 _a81575
999 _c81575
_d81575